Games and decisions : introduction and critical survey (Record no. 11487)
[ view plain ]
| 000 -LEADER | |
|---|---|
| fixed length control field | 00559 a2200205 4500 |
| 001 - CONTROL NUMBER | |
| control field | 138713 |
| 003 - CONTROL NUMBER IDENTIFIER | |
| control field | OSt |
| 005 - DATE AND TIME OF LATEST TRANSACTION | |
| control field | 20210916171511.0 |
| 008 - FIXED-LENGTH DATA ELEMENTS--GENERAL INFORMATION | |
| fixed length control field | |
| 020 ## - INTERNATIONAL STANDARD BOOK NUMBER | |
| International Standard Book Number | 9780486659435 |
| 082 ## - DEWEY DECIMAL CLASSIFICATION NUMBER | |
| Classification number | 519.3 |
| Item number | L96G |
| 100 1# - MAIN ENTRY--PERSONAL NAME | |
| Personal name | Luce, R. Duncan |
| 245 1# - TITLE STATEMENT | |
| Title | Games and decisions : introduction and critical survey |
| Statement of responsibility, etc | by R. Duncan Luce and Howard Raiffa |
| 260 ## - PUBLICATION, DISTRIBUTION, ETC. (IMPRINT) | |
| Place of publication, distribution, etc | New York |
| Name of publisher, distributor, etc | Dover Publications |
| Date of publication, distribution, etc | 1989 |
| 300 ## - PHYSICAL DESCRIPTION | |
| Extent | 509p. |
| 630 ## - SUBJECT ADDED ENTRY--UNIFORM TITLE | |
| Uniform title | Computer Science |
| 630 ## - SUBJECT ADDED ENTRY--UNIFORM TITLE | |
| Uniform title | Game theory |
| 700 ## - ADDED ENTRY--PERSONAL NAME | |
| Personal name | Raiffa, Howard |
| 942 ## - ADDED ENTRY ELEMENTS (KOHA) | |
| Source of classification or shelving scheme | Dewey Decimal Classification |
| Koha item type | Books |
| Withdrawn status | Lost status | Source of classification or shelving scheme | Damaged status | Not for loan | Collection code | Home library | Current library | Date acquired | Source of acquisition | Cost, normal purchase price | Full call number | Barcode | Date last seen | Price effective from | Koha item type |
|---|---|---|---|---|---|---|---|---|---|---|---|---|---|---|---|
| Dewey Decimal Classification | General Text Book | Central University Of Rajasthan | Central University Of Rajasthan | 12/03/2014 | CSC | 0.00 | 519.3 L96G | 14379 | 21/11/2024 | 02/09/2020 | Books |
